[Event "FIDE World Cup"]
[Site "Khanty-Mansiysk"]
[Date "2005.11.30"]
[Round "2.1"]
[White "Sasikiran, Krishnan"]
[Black "Rublevsky, Sergei"]
[Result "1-0"]
[WhiteElo "2663"]
[BlackElo "2652"]
[Annotator "Huzman,A"]
[PlyCount "61"]
[EventDate "2005.11.27"]
[EventType "k.o."]
[EventRounds "7"]
[EventCountry "RUS"]
[SourceTitle "CBM 111"]
[Source "ChessBase"]
[SourceDate "2006.04.04"]
[SourceVersion "1"]
[SourceVersionDate "2006.04.04"]
[SourceQuality "1"]

1. d4 d5 2. c4 dxc4 3. Nf3 e6 4. e3 c5 5. Bxc4 a6 6. O-O Nf6 7. Bb3 b5 8. a4 b4
9. Nbd2 Bb7 10. e4 Be7 11. e5 Nfd7 12. Nc4 O-O 13. Be3 $146 {A novelty that is
worth attention. White foresees the opening of the c-file and is getting
prepared to take over it.} Nc6 (13... Bd5 $5 14. Rc1 (14. Qd3 cxd4 15. Bc2 g6
16. Bxd4 Nc6 $15) (14. dxc5 Nxc5 $11) (14. Nd6 Bxd6 15. Bxd5 (15. exd6 c4 16.
Bc2 b3 17. Bb1 Nc6 $17) 15... exd5 16. exd6 c4 $15) 14... Nc6 15. Ncd2 (15. Nd6
Bxf3 16. Qxf3 Nxd4 17. Bxd4 cxd4 18. Nxf7 Nxe5 $17) 15... Rc8 (15... cxd4 16.
Bxd5 exd5 17. Bf4 Rc8 18. Nb3 $14) (15... Bxb3 16. Nxb3 cxd4 17. Rxc6 $5 (17.
Bxd4 Rc8 18. Qe2 Nxd4 19. Nfxd4 Nc5 20. Nxc5 Bxc5 21. Nb3 Qd5 $11) 17... dxe3
18. fxe3 $36) 16. Bxd5 exd5 17. dxc5 Ndxe5 18. Nxe5 Nxe5 19. Nb3 Bf6 20. Bd4
Nc4 $132) 14. Rc1 (14. dxc5 Nxc5 15. Bc2 Qxd1 16. Raxd1 b3 17. Bb1 Rfd8 (17...
Nxa4 18. Rd7 Rab8 19. Be4 $16) 18. a5 Rab8 19. Nfd2 Ba8 $11) 14... Rc8 (14...
cxd4 15. Nxd4 Ncxe5 16. Nxe5 Nxe5 17. f4 Ng6 18. f5 exf5 (18... Bg5 19. Qd2
Bxe3+ 20. Qxe3 exf5 21. Nxf5 $44) 19. Nxf5 Bg5 20. Qxd8 Bxe3+ (20... Bxd8 21.
Nd6 $18) 21. Nxe3 Raxd8 22. Rc7 $36) 15. Nd6 (15. Bc2 cxd4 16. Qd3 g6 17. Bh6
Re8 $15) 15... Bxd6 16. exd6 Na5 {Neutralizing the pressure on the "c5" pawn
by a tactical means.} 17. dxc5 (17. Bc2 $5 c4 18. Ne5 b3 (18... Nb6 19. Bf4 Nd5
20. Bg3 $36) 19. Bb1 f5 20. Qd2 $36) 17... Bxf3 18. gxf3 Nxc5 19. Bc2 (19. Bxc5
$2 Qg5+ 20. Kh1 Rxc5 $17) 19... Rc6 $1 {Time to destroy the dangerous passing
pawn.} (19... Nab7 20. Qd4 $16) 20. Bb1 (20. Bxc5 Qg5+ 21. Kh1 Rxc5 22. Rg1 Qe5
23. Re1 Qg5 24. Qd4 g6 25. Qxb4 Rc4 26. Qa3 Rd8 $44) 20... g6 (20... Rxd6 21.
Qc2 Nd3 22. Rfd1 b3 23. Qd2 Nxc1 24. Qxd6 Qxd6 25. Rxd6 Nc4 26. Rxa6 $1 (26.
Rc6 Nxe3 27. fxe3 Na2 28. Rxa6 (28. Rb6 a5 29. Rxb3 Nb4 30. Rc3 Rd8 31. Kf2 g6
32. Ke2 Rd5 $11) 28... Rc8 $15 (28... Rd8 29. Kf2 g6 30. Ke1 Rc8 31. Rd6 $14))
26... Na2 27. Rc6 Nxb2 28. a5 Na4 29. Bd4 f6 30. Rc4 e5 31. Bxa2 bxa2 32. Rxa4
exd4 33. Kf1 $16) 21. Bh6 (21. Qe1 $5 Qh4 (21... Qxd6 22. Qxb4 Nab3 23. Rfd1
Qc7 24. Rc3 $16) 22. Kh1 Nxa4 (22... Nab3 23. Be4 Rcc8 24. Rc4 f5 25. Bd3 Qh3
26. Bxc5 Qxf3+ 27. Kg1 Nxc5 28. Be2 Qd5 29. Qxb4 $13) 23. Rxc6 Nxc6 24. Be4 Ne5
$132) 21... Rxd6 22. Qe1 {White is combining a direct threat to the b-pawn
with an attempt to get a closer look at the set of the black-squared
weaknesses near the black king.} Rd5 (22... Ncb3 23. Rc8 Qxc8 24. Qe5 f6 25.
Qxd6 Rd8 (25... Re8 26. Qxb4 Qb8 27. Qg4 $36) 26. Qe7 Qd7 27. Qxf6 $36) 23.
Qxb4 (23. Bxf8 Kxf8 24. Qxb4 Nab3 25. Rc3 Rd4 26. Rc4 Qg5+ 27. Kh1 Rxc4 28.
Qxc4 Nd2 29. Qc1 Qd5 30. Rd1 Qxf3+ 31. Kg1 Qg4+ $11) 23... Nc6 24. Qg4 (24. Qf4
Nd4 25. Rfe1 Re8 26. b4 e5 $15) 24... Nd4 25. Kh1 Re8 26. Ba2 (26. Rc4 Qd6 27.
Be3 Ndb3 $15) 26... Rf5 $2 {Rublevsky touched the R and immediately realized
that even forfeiting a move would be a better solution.} (26... Nd3 $1 {
would provide Black with a sufficient counterplay.} 27. Rc3 (27. Bxd5 Qxd5 28.
Rc3 Ne2 29. Rxd3 (29. Rc7 Nxf2+ 30. Rxf2 Qd1+ 31. Kg2 Qg1+ 32. Kh3 Qxf2 $19)
29... Qxd3 30. Kg2 f6) 27... Ne5 28. Qg2 (28. Qe4 f5 29. Qe3 Nexf3 $17) 28...
Rd6 $15) (26... Ndb3 27. Rc3 (27. Rxc5 Nxc5 28. Bxd5 Qxd5 29. Qf4 Qh5 30. Bg5
h6 31. Bxh6 e5 32. Qe3 Ne6 $17 {[%cal Ye6d4]}) 27... Rd3 28. Rxd3 Qxd3 29. Kg2
Rd8 30. Re1 Qd4 31. Re3 $36) 27. Rfd1 Ne2 28. Rxd8 Rxd8 29. Qxf5 gxf5 30. Rxc5
Kh8 31. Bc4 1-0

[Event "WchT 6th"]
[Site "Beersheba"]
[Date "2005.11.09"]
[Round "8.3"]
[White "Kaidanov, Gregory S"]
[Black "Nogueiras Santiago, Jesus"]
[Result "1/2-1/2"]
[WhiteElo "2608"]
[BlackElo "2547"]
[Annotator "Huzman,A"]
[PlyCount "135"]
[EventDate "2005.11.01"]
[EventType "team-tourn"]
[EventRounds "9"]
[EventCountry "ISR"]
[SourceTitle "CBM 110"]
[Source "ChessBase"]
[SourceDate "2006.01.31"]
[SourceVersion "1"]
[SourceVersionDate "2006.01.31"]
[SourceQuality "1"]
[WhiteTeam "US of America"]
[BlackTeam "Cuba"]
[WhiteTeamCountry "USA"]
[BlackTeamCountry "CUB"]

1. d4 d5 2. c4 dxc4 3. e3 Nf6 4. Bxc4 e6 5. Nf3 c5 6. O-O a6 7. a4 Nc6 8. Qe2
Qc7 9. b3 cxd4 10. exd4 Be7 11. Nc3 O-O 12. Bb2 Rd8 (12... Bd7 13. Rac1 (13. d5
exd5 14. Nxd5 Nxd5 15. Bxd5 Bd6 16. Rac1 Kh8 17. Rc4 $36 {1-0 Schneider,
A-Jakobetz,L/Hungary 1993/TD (29)}) 13... Qf4 14. Rcd1 Rad8 15. h3 Rfe8 16.
Rfe1 Bb4 $11 {1-0 Ortega,L-Bossi,A/Rome 1991/EXT 2000 (50)}) (12... Na5 13.
Rfd1 (13. Ne5 Nxc4 14. bxc4 b6 15. Rfd1 Re8 16. Rd3 Bb7 17. Rg3 $36 {1-0 Cobo
Arteaga,E-Verstraeten,R/Skopje 1972/EXT 2000 (40)}) (13. Rac1 Nxc4 14. bxc4 Bd7
15. Ne5 {1/2-1/2 Groszpeter,A-Vaulin,A/Zalaegerszeg 1991/EXT 97 (15)}) 13...
Nxc4 (13... Bd7 14. Ne5 Nxc4 15. bxc4 Rad8 16. Rd3 Bc8 17. Rad1 Rfe8 18. Rh3
Bf8 19. Ne4 Nxe4 20. Qxe4 f5 21. Qe2 $16 {1/2-1/2 Weindl,A-Zifroni,D/Biel 1994/
TD (33)}) 14. bxc4 Rd8 (14... Bd7 15. d5 Rfe8 16. Qd3 exd5 17. Nxd5 Nxd5 18.
cxd5 Bd6 19. Ng5 f5 20. Nf3 $14 {1-0 Alawieh,A-Baudin,F/Fouesnant 1997/EXT
2003 (45)}) 15. Ne5 Bd7 16. Ba3 Be8 17. Bxe7 Qxe7 18. a5 $16 {1/2-1/2 Sumar,
J-Martin,P/Mar del Plata 1951/MCL (90)}) (12... Nb4 13. Rac1 Qd8 14. Rfd1 b6
15. Ne5 Bb7 16. Nxf7 Rxf7 17. Bxe6 Nbd5 18. Ne4 Nf4 19. Nxf6+ Kh8 20. Qg4 Nxe6
21. d5 Nf4 $17 {0-1 Hjartarson,J-Dlugy,M/New York 1984/MCD (25)}) 13. Rfd1 Nd5
(13... Na5 14. Ne5 Bd7 15. Ne4 Nxc4 16. bxc4 Nxe4 17. Qxe4 Be8 18. c5 Bc6 19.
Nxc6 bxc6 20. Bc3 Rd5 $11 {0-1 Opocensky,K-Fuster,G/Munich 1941/HCL (51)}) 14.
Ne4 (14. Rac1 Qf4 15. h3 Bf8 16. Ne4 Ncb4 17. Ne5 b6 18. Re1 Ra7 19. g3 Qh6 20.
h4 f6 21. Nd3 Kh8 22. Nc3 Re7 23. Nxb4 Nxb4 24. Ba3 {1/2-1/2 Gabriel,C-Horvath,
C/Austria 2002/EXT 2003 (24)}) 14... Bd7 15. Rac1 Be8 16. g3 Rac8 (16... Qb6 $5
) 17. Bd3 Qb6 18. Nc5 Bf6 (18... Nf6 19. Bc3 $11 (19. Bb1 Nxd4 $17) 19... Nxd4
$140 $2 20. Bxd4 Bxc5 21. Rxc5 Rxc5 22. Bxc5 Qxc5 23. Bxh7+ $18) 19. Bb1 Nxd4 {
This exchange combination will lead to an unclear position after correct play.}
20. Nxd4 Rxc5 21. Rxc5 Qxc5 22. Qd3 {This strange move gives White a big
advantage.} Kf8 $2 ({After} 22... h6 23. Qh7+ Kf8 24. Rc1 Qd6 (24... Qb6 25.
Nf5 exf5 26. Ba3+ Nb4 27. Re1 $1 g6 28. Bc1 $1 $18) 25. Re1 (25. Be4 Nf4 26.
gxf4 Bxd4 27. Rd1 Bxf2+ 28. Kg2 (28. Kxf2 Qxf4+ 29. Bf3 Rd2+ $19) 28... Qxd1
29. Qxg7+ Ke7 30. Bf6+ Kd7 $17) 25... Bxd4 26. Bxd4 f6 $13 {White has to prove
the compensation for the sacrificed pawn.}) 23. Qxh7 Nc3 $1 24. Nxe6+ fxe6 25.
Rxd8 Bxd8 26. Qh8+ Kf7 27. Bg6+ Kxg6 28. Qxe8+ Kh7 29. Qxd8 Ne2+ 30. Kf1 (30.
Kg2 Qc6+ 31. f3 (31. Kf1 Qc2 $16) (31. Kh3 $2 Ng1+ 32. Kh4 Qe4+ 33. g4 Qf3 $19)
31... Qc2 $11) 30... Qc2 31. Bxg7 $6 {Black will have good chances to survive
in the queen's ending.} (31. Qh4+ Kg8 32. Qc4 Qxb2 33. Qxe6+ Kh7 34. Qxe2 Qxb3
35. Qe4+ Kh8 $16) ({After} 31. Be5 $1 Nc1 (31... Qb1+ 32. Kxe2 Qe4+ 33. Kd2
Qxe5 34. Qd3+ Kg8 35. h4 $18) 32. Qh4+ Kg8 33. Qg5 Qe2+ 34. Kg2 Qe4+ 35. f3
Qc2+ 36. Kh3 Qf5+ 37. Qxf5 exf5 38. b4 Nd3 39. Bc3 $16 {the extra pawn gives
White real chances to win the game.}) 31... Kxg7 32. Qe7+ Kh8 33. Qf6+ Kh7 34.
Qf7+ Kh8 35. Qh5+ Kg7 36. Qxe2 Qxb3 $132 37. Qe5+ Kf7 38. a5 b5 $132 {The
passed pawn gives Black good chances for a draw.} 39. axb6 Qxb6 40. h4 a5 41.
g4 (41. h5 Qb1+ 42. Kg2 Qf5 43. Qc7+ Kf6 44. h6 Qd5+ $11) 41... Qb3 $1 42. Qc7+
Kg8 43. Qxa5 Qd1+ 44. Qe1 Qxg4 $14 45. Qe5 Qxh4 46. Qxe6+ Kf8 $11 47. Kg2 Qg5+
48. Kf3 Qh5+ 49. Kg3 Qg5+ 50. Qg4 Qb5 51. Kh4 Qf1 52. f3 Kf7 53. Qd7+ Kf6 54.
Qd6+ Kf7 55. Kg4 Qg2+ 56. Qg3 Qf1 57. Qf4+ Kg6 58. Qe4+ Kf6 59. Qf5+ Kg7 60.
Qe5+ Kg6 61. Qe6+ Kg7 62. Qe5+ Kg6 63. Kf4 Qc1+ 64. Kg4 Qg1+ 65. Kh3 Qh1+ 66.
Kg3 Qg1+ 67. Kf4 Qh2+ 68. Ke4 1/2-1/2

[Event "Bundesliga 0506"]
[Site "Germany"]
[Date "2005.11.13"]
[Round "4.8"]
[White "Ernst, Sipke"]
[Black "Van den Doel, Erik"]
[Result "1-0"]
[WhiteElo "2473"]
[BlackElo "2582"]
[Annotator "Huzman,A"]
[PlyCount "45"]
[EventDate "2005.10.21"]
[EventType "team-tourn"]
[EventRounds "15"]
[EventCountry "GER"]
[SourceTitle "CBM 110"]
[Source "ChessBase"]
[SourceDate "2006.01.31"]
[SourceVersion "1"]
[SourceVersionDate "2006.01.31"]
[SourceQuality "1"]
[WhiteTeam "Solingen"]
[BlackTeam "Porz"]
[WhiteTeamCountry "GER"]
[BlackTeamCountry "GER"]

1. d4 (1. e4 c6 2. d4 d5 3. exd5 cxd5 4. c4 Nf6 5. Nc3 e6 6. Nf3 Be7 7. cxd5
Nxd5 8. Bc4 Nc6 9. O-O O-O 10. Re1 a6 11. Bb3 Nf6 12. Bf4 Na5 13. Bc2 b5 14. d5
exd5 15. Qd3 Nc6 16. Bc7 Qd7 17. Ne5 Nxe5 18. Bxe5 g6 19. Qf3 Qg4 $1 20. Nxd5
Nxd5 21. Qxd5 Be6 $11 {1/2-1/2 Ponomariov,R-Galkin,A/Moscow 2005/CBM 106/
[Huzman] (32)}) 1... d5 2. c4 dxc4 3. Nf3 e6 4. e3 Nf6 5. Bxc4 a6 6. Bb3 c5 7.
O-O cxd4 8. exd4 Nc6 9. Nc3 Be7 10. Re1 O-O 11. Bf4 Na5 12. Bc2 b5 13. d5 exd5
14. Qd3 g6 (14... b4 $2 15. Bc7 Qd7 16. Rxe7 $18 {[%cal Rc3d5]}) 15. Rxe7 Qxe7
16. Bg5 Qd6 17. Qd4 b4 {This move is quite risky for Black but still enough
for equality.} ({It is interesting what prepared White after} 17... Nh5 18.
Nxd5 Nc6 19. Qd2 (19. Ne7+ $2 Qxe7 $1) (19. Nf6+ $2 Qxf6 $1) (19. Qd1 f6 20.
Nb6 Qxd1+ 21. Rxd1 Rb8 22. Be3 Rd8 $17) 19... f6 20. Bb3 (20. Bh6 Rd8 (20...
Rf7 $2 21. Bb3 Kh8 22. Nb6 $16) 21. Qc3 $1 Kh8 $142 (21... Bb7 22. Nb6 $1 (22.
Rd1 b4 $1) (22. Bb3 Kh8 23. Ng5 (23. Rd1 b4) 23... Ne5 24. Qxe5 Bxd5 $1 $17)
22... Ra7 (22... Rab8 23. Bb3+ Kh8 24. Ng5 $16) 23. Bb3+ Kh8 24. Re1 $36) 22.
Rd1 Bb7 $15) 20... Kh8 21. Be3 Bg4 $15 {what has been played in the game 0-1
Illescas Cordoba,M-Anand,V/Leon m 1997/ (37)}) 18. Bxf6 bxc3 19. Qh4 Re8 (19...
Bg4 $142 20. Bxc3 Bxf3 21. Qd4 f6 22. Bxa5 Be2 23. Bb4 (23. Bb3 Rab8 24. Bxd5+
Kh8 25. Bc3 Rb5 $11) 23... Qe5 24. Qxe5 fxe5 25. Bxf8 Kxf8 26. Re1 Bb5 27. Bb3
Bc4 $1 28. Rxe5 Rb8 $11) 20. Rd1 (20. Bxc3 $1 Nc6 21. Ng5 h5 22. Nh7 $1 $40)
20... Nc6 $4 {[%mdl 8192]} (20... Bg4 21. Rxd5 Qe6 (21... Qf4 22. Bxc3 $16) 22.
Bxc3 Bxf3 (22... Qxd5 23. Qf6 Kf8 24. Ng5 Rec8 25. Nxh7+ Ke8 26. Qf4 $1 Rc6 27.
Qxg4 $36) 23. gxf3 Qxd5 24. Qf6 Kf8 25. Bb4+ Kg8 26. Bc3 $11) 21. Rxd5 $1 Qf8 (
21... Qxd5 22. Qh6) (21... Qb4 22. Qxh7+ Kxh7 23. Rh5+ Kg8 24. Rh8#) 22. Rh5 $1
Qb4 23. Rxh7 (23. Rxh7 Qxh4 24. Rxh4) 1-0

[Event "Corus-C"]
[Site "Wijk aan Zee"]
[Date "2006.01.20"]
[Round "6"]
[White "Werle, Jan"]
[Black "Jonkman, Harmen"]
[Result "1-0"]
[WhiteElo "2514"]
[BlackElo "2470"]
[Annotator "Huzman,A"]
[PlyCount "81"]
[EventDate "2006.01.14"]
[EventType "tourn"]
[EventRounds "13"]
[EventCountry "NED"]
[EventCategory "9"]
[SourceTitle "CBM 111"]
[Source "ChessBase"]
[SourceDate "2006.04.04"]
[SourceVersion "1"]
[SourceVersionDate "2006.04.04"]
[SourceQuality "1"]

1. Nf3 d5 2. d4 Nf6 3. c4 dxc4 4. e3 e6 5. Bxc4 a6 6. a4 c5 7. O-O Nc6 8. Qe2
Qc7 9. Nc3 Bd6 10. Rd1 O-O 11. h3 b6 12. d5 exd5 13. Nxd5 Nxd5 14. Bxd5 Bb7 15.
b4 $5 {[%mdl 4]} (15. b3 Nd4 16. exd4 (16. Nxd4 Bxd5 17. Nf5 Be5 $17 {0-1
Prada Lopez,M-Medina,M/Abierto 1994/EXT 97 (23)}) 16... Bxd5 17. dxc5 Bxf3 18.
Qxf3 Bxc5 19. Bb2 (19. Bf4 Qe7 20. a5 b5 21. Rac1 {1/2-1/2 Bilsel,S-Sakai,K/
IECC 2001/Telechess CBM 89 (21)}) 19... Rfd8 20. Qc3 f6 21. b4 Bd6 22. Qf3 Be5
(22... Bf8 23. Bd4 Rac8 24. b5 axb5 25. axb5 Qc4 $11 {1/2-1/2 Utemov,
V-Donchenko,A/Moscow 1995/EXT 97 (31)}) 23. Rac1 Rxd1+ 24. Qxd1 Rd8 25. Qe2 Qd6
26. Bxe5 fxe5 27. Qc4+ Kh8 28. Qxa6 Qxb4 29. Rc8 $14 {1/2-1/2 Hasanova,
E-Koneru,C/Budapest HUN 2005/(59)}) 15... Rad8 (15... cxb4 16. Bb2 Rac8 (16...
Qe7 17. Rac1 Nd8 $1 {[%cal Yd8e6]} 18. Qc4 Bc5 19. Nh4 $1 $44) 17. Rac1 (17.
Qc4 Qe7 18. Qg4 g6 $13) 17... Qe7 18. Rc4 $1 $44) 16. bxc5 Bxc5 17. Bb2 $36 Qe7
18. Qc4 {[%cal Gc4g4]} Rd6 19. Qg4 Rg6 20. Qh4 $1 Ba8 (20... Bc8 $142 21. Qxe7
Nxe7 (21... Bxe7 22. Rac1 Bc5 23. Bxc6 Rxc6 24. Bd4 Be6 25. a5 $16) 22. Ne5 Rg5
(22... Rd6 23. Bb3 $36) 23. Bf3 Bxh3 24. Nd7 Bxd7 25. Rxd7 b5 26. a5 $44) 21.
Rac1 Re8 (21... Qxh4 22. Nxh4 Rg5 23. e4 $16) (21... Rh6 22. Qxe7 Nxe7 23. Bxa8
Rxa8 24. Ne5 $36) 22. Qf4 Bd6 23. Qf5 $1 $16 Bc5 (23... Nb4 24. Bxa8 Rxa8 25.
Rc4 $36 (25. Bd4 Qb7 26. Nh4 Re6 $14)) 24. h4 $1 Nb4 25. Bxa8 Rxa8 26. Ng5 Bd6
$2 (26... Qe8 27. h5 Rh6 28. Qg4 $40) 27. Rxd6 $1 Qxd6 28. Qxf7+ Kh8 29. Qc4 (
29. Rc7 $1 Qf8 (29... Rg8 30. Qxg7+ $3 R6xg7 (30... R8xg7 31. Rc8+ Qf8 32.
Rxf8#) 31. Nf7#) 30. Qb3 $18) 29... Rxg5 (29... Qe7 30. Qg4 $1 Rd8 31. Rc8 $40)
30. hxg5 Nd3 31. Qc8+ Qf8 32. Bxg7+ $1 $18 Kxg7 33. Qd7+ Kg8 34. Qxd3 Qf7 35.
Rc6 Rf8 36. Rf6 Qa2 37. Rxf8+ Kxf8 38. Qxh7 Qa1+ 39. Kh2 Qxa4 40. g6 Ke8 41. g7
1-0

[Event "FIDE World Cup"]
[Site "Khanty-Mansiysk"]
[Date "2005.12.02"]
[Round "2.6"]
[White "Sasikiran, Krishnan"]
[Black "Rublevsky, Sergei"]
[Result "1/2-1/2"]
[WhiteElo "2663"]
[BlackElo "2652"]
[Annotator "Huzman,A"]
[PlyCount "82"]
[EventDate "2005.11.27"]
[EventType "k.o."]
[EventRounds "7"]
[EventCountry "RUS"]
[SourceTitle "CBM 111"]
[Source "ChessBase"]
[SourceDate "2006.04.04"]
[SourceVersion "1"]
[SourceVersionDate "2006.04.04"]
[SourceQuality "1"]

1. d4 d5 2. c4 dxc4 3. Nf3 e6 4. e3 c5 5. Bxc4 a6 6. O-O Nf6 7. Bd3 b6 8. e4
Bb7 (8... cxd4 9. e5 Nd5 (9... Nfd7 10. Be4 Ra7 11. Qxd4 Bc5 12. Qd2 Be7 13.
Nc3 $36 {1/2-1/2 Tyomkin,D-Peric,S/Avoine 1996/EXT 2004 (14)}) 10. Nbd2 Nc6 11.
Ne4 h6 12. a4 Be7 13. Qe2 Ndb4 14. Bb1 d3 15. Qe3 Bb7 16. Rd1 O-O 17. Bxd3 Nxd3
18. Rxd3 Qc7 19. Qf4 {1-0 Riazantsev,A-Zubov,A/RUS-UKR Blitz g/3 2003/(84)} (
19. Nf6+ $5 $40)) 9. e5 (9. Nbd2 cxd4 10. e5 Nfd7 11. Be4 Bxe4 12. Nxe4 Nc5 13.
Re1 Nc6 14. Nfg5 Nxe4 15. Qf3 Qd7 16. Rxe4 Rc8 17. Bd2 h6 18. Nh3 g5 $15 {
0-1 Gladyszev,O-Svetushkin,D/Gyula 1999/EXT 2004 (44)}) (9. Re1 cxd4 10. e5 Nd5
11. Nxd4 Nc6 12. Nxc6 Bxc6 13. a3 Ne7 14. Qe2 Qd5 15. Qf1 Bb5 16. Bxb5+ Qxb5
17. Qxb5+ axb5 18. Be3 Nd5 $11 {1/2-1/2 Unzicker,F-Schmidt,G/Bayern 2000/EXT
2002 (56)}) 9... Nd5 (9... Nfd7 10. Nc3 $5 (10. Re1 Nc6 (10... cxd4 11. Bg5 (
11. Nxd4 Bc5 12. Nf3 Nc6 13. Nc3 h6 14. Be4 Qc7 15. a3 Rd8 16. Bd2 b5 17. b4
Be7 18. Qc2 Nb6 19. Nd1 Nc4 20. Bc3 O-O $11 {1/2-1/2 Skulason,B-Le Bled,P/ICCF
Email 2001/ICCF tele 9/2002 (61)}) 11... Be7 12. Bxe7 Qxe7 13. Nxd4 Qc5 14. Nf3
Bxf3 15. Qxf3 Nc6 16. Nc3 Rd8 17. Bxa6 O-O 18. Rac1 Nb4 19. Nb5 Nxe5 20. Qe4
Qe7 21. Rc7 Qg5 22. f4 Qh4 23. fxe5 Qxe4 24. Rxe4 Nxa6 $11 {1/2-1/2 Birarov,
V-Polaczek,R/ICCF 2002/ICCF Telechess CBM 94 (33)}) 11. dxc5 Nxc5 12. Bc4 Be7
13. Nc3 Qc7 14. Bf4 Rd8 15. Qc1 Nb4 16. Rd1 {0-1 Bohlin,J-Frostick,C/ICCF 1999/
ICCF Telechess CBM 102 (16)}) (10. Ng5 Be7 11. Qg4 Nxe5 12. dxe5 Qxd3 $19 {
1-0 Lempert,I-Galliamova,A/Nabereznye Chelny 1993/CBM 37 (41)}) 10... cxd4 11.
Ne4 h6 $5 (11... Nc5 $5) 12. Bf4 Nc5 13. Nxc5 Bxc5 14. Nd2 $1 Be7 15. Ne4 Nd7
16. Re1 Rc8 17. Bg3 $6 (17. a3 $5 {/\ b4}) 17... O-O $15 {0-1 Ligterink,
G-Lautier,J/Breda 1998/CBM 065/[Lautier] (41)}) 10. Nc3 Nd7 (10... cxd4 11. Bg5
Qd7 12. Nxd5 Qxd5 13. Re1 h6 14. Bd2 Nc6 15. Rc1 Be7 16. Re4 g6 17. a3 Kf8 18.
h4 Kg7 19. Qe2 b5 20. Rg4 Qd7 21. Rd1 Rad8 22. Bc1 Qe8 23. b4 $36 {1-0
Conquest,S-David,A/France 2002/EXT 2003 (66)}) 11. Ne4 (11. Bg5 Nxc3 (11... Be7
12. Ne4 O-O 13. Bxe7 Qxe7 14. Nd6 Bc6 15. Re1 $36) (11... Qc7 12. Rc1 $36) 12.
bxc3 Be7 13. Be3 O-O 14. Qb1 h6 15. Nd2 Rc8 $132) 11... cxd4 12. Bg5 Qb8 13.
Rc1 h6 14. Bh4 {White is hindering Black's kingside development - thus forcing
his opponent to start a counterplay prematurely.} (14. Bd2 Be7 15. Qa4 b5 16.
Qxd4 O-O $11) 14... Nf4 $1 15. Bb1 (15. Re1 Bb4 16. Bg3 Nxd3 17. Qxd3 O-O 18.
Red1 Bd5 (18... Nc5 19. Nf6+ gxf6 20. Qxd4 $40) 19. Qxd4 Bc5 $11) 15... Nxe5 {
This move provides White with attacking lines.} ({Preliminary} 15... d3 $5 16.
Bxd3 (16. Re1 Bb4 $13 (16... Ne2+ 17. Rxe2 dxe2 18. Qxe2 Bd5 $13)) 16... Nxe5
17. Nxe5 Qxe5 18. Re1 (18. Bg3 Bxe4 19. Bxf4 (19. Re1 Rd8 20. Rxe4 Qxe4 21.
Bxe4 Rxd1+ 22. Rxd1 Ne2+ 23. Kf1 Nxg3+ 24. hxg3 Bc5 $15) 19... Qxf4 20. Qa4+ b5
21. Qxe4 Qxe4 22. Bxe4 Ra7 $13 {looks more logical.}) 18... Qd5 $17 {looks
more logical. Black seems well settled due to his counterplay along the
"a8-h1" diagonal.}) 16. Nxd4 (16. Bg3 Neg6 (16... Nxf3+ 17. Qxf3 g5 18. Nf6+
Ke7 19. Be4 Kxf6 20. Bxb7 Ra7 $15) 17. Re1 Be7 18. Qa4+ b5 19. Qxd4 O-O $17)
16... Be7 $1 17. Bxe7 Kxe7 18. Qd2 Nd5 $6 ({Black should have rounded off his
development} 18... Rd8 $5 {since Qb4+ wasn't dangerous.} 19. Qb4+ (19. Qxf4
Rxd4 20. Rfd1 Rxd1+ 21. Rxd1 Qc7 $17) 19... Ke8 20. Rfd1 a5 $17) 19. f4 Ng4 20.
h3 Ngf6 (20... Nge3 21. Rf3 (21. Rfe1 $5 Qxf4 22. g3 Qe5 23. Rxe3 Nxe3 24. Qxe3
Rhd8 $132) 21... Nf5 22. Nxf5+ exf5 23. Nc3 $40) 21. Nxf6 gxf6 22. Rce1 $2 (22.
f5 Qg3 (22... e5 23. Nc6+ Bxc6 24. Rxc6 Rd8 25. Be4 $18) (22... Qg8 23. fxe6
fxe6 24. Rce1 Qg5 25. Rxe6+ Kf7 26. Qe2 $40) 23. fxe6 fxe6 24. Rce1 $40 {
would have given White a massive attack.}) 22... Kf8 23. f5 e5 24. Ne6+ $2 {
This unjustified sacrifice proves that White has totally lost his way - and it
seems to be a direct result of a stress caused by the knock-out system.} (24.
Ne2 Qd6 25. Be4 Rd8 26. Kh2 Kg7 27. Ng3 $44) 24... fxe6 25. fxe6 Ke7 $19 26.
Be4 Qd6 27. Kh2 Rad8 28. Qf2 Qxe6 29. Qh4 Rd6 30. Bf5 Qg8 31. Rxe5+ Kd8 32. Re2
Kc7 33. Be4 Kb8 34. Rd2 Qg5 35. Qxg5 hxg5 36. Rfd1 Rhd8 37. g3 Kc7 38. Rc2+ Kb8
39. Rcd2 Kc7 40. Rc2+ Kb8 41. Rcd2 Kc7 1/2-1/2

[Event "FIDE World Cup"]
[Site "Khanty-Mansiysk"]
[Date "2005.12.02"]
[Round "2.3"]
[White "Sasikiran, Krishnan"]
[Black "Rublevsky, Sergei"]
[Result "1-0"]
[WhiteElo "2663"]
[BlackElo "2652"]
[Annotator "Huzman,A"]
[PlyCount "99"]
[EventDate "2005.11.27"]
[EventType "k.o."]
[EventRounds "7"]
[EventCountry "RUS"]
[SourceTitle "CBM 111"]
[Source "ChessBase"]
[SourceDate "2006.04.04"]
[SourceVersion "1"]
[SourceVersionDate "2006.04.04"]
[SourceQuality "1"]

1. d4 d5 2. c4 dxc4 3. Nf3 e6 4. e3 c5 5. Bxc4 a6 6. O-O Nf6 7. Bd3 Nbd7 8. Re1
b5 9. a4 bxa4 10. e4 cxd4 11. e5 Nd5 12. Rxa4 Bb4 13. Bd2 Bxd2 14. Nbxd2 Nc5
15. Rxd4 Nxd3 16. Rxd3 O-O 17. Nc4 a5 (17... Bd7 18. Ra3 Qc7 19. Nd6 h6 20. Qd2
Qb6 21. Nd4 Qb4 22. Qxb4 Nxb4 23. Rc1 Nd5 24. Rca1 Nb4 25. Rc1 Nd5 26. Nb3 Rfb8
27. Nc5 Bb5 28. h3 Nf4 29. Kh2 Ng6 30. Re3 Rb6 31. g3 Bc6 32. b3 Bd5 $11 {
1/2-1/2 Zhukova,N-Danielian,E/Plovdiv 2003/CBM 96 ext (59)}) (17... Rb8 18. Qd2
Qe7 19. Nd6 Bb7 20. Nd4 Ba8 21. Rg3 f5 $6 (21... f6 22. exf6 Qxf6 23. Ne4 $1
$16) 22. Ra3 $1 $16 {1-0 Shariyazdanov,A-Feletar,D/Hrvatska 80/414 2000/
[Shariyazdanov,A; Lisenko,A] (74)}) 18. Rd4 (18. Ra3 $1 Ba6 19. Nd6 $1 $146 (
19. Nxa5 Nb4 20. Qxd8 (20. Qa4 $5 Nd3 21. Rea1 $1 $16) 20... Rfxd8 $44 {
1/2-1/2 Shariyazdanov,A-Rublevsky,S/Russia 84/319 2002/[Shariyazdanov,A;
Lisenko,A] (32)}) 19... Rb8 20. Qd2 Rb4 21. Ng5 $1 h6 $2 (21... Qb6 $142 {
Avrukh,B}) 22. Nge4 Qb6 23. Rg3 $40 {1-0 Avrukh,B-Rublevsky,S/Rethymnon 89/363
2003/Inf 89/[Avrukh,B] (33)}) (18. Nd6 Ba6 19. Rd2 Rb8 {(>< b2)} 20. Nd4 Qg5
$132) 18... Ba6 19. Nd6 Rb8 20. Qd2 Qb6 21. Rg4 Ne7 22. h4 {White's attack
looks very dangerous, and yet, Black's queenside counterplay is actually
sufficient to equalize - as it was shown in a later game.} Qxb2 $2 {This is a
grave mistake, though - and a due punishment is quick in coming.} (22... Nf5 $1
23. h5 h6 24. b4 axb4 25. Nd4 Bc8 26. Re3 Nxe3 27. Qxe3 Kh8 $11 {1/2-1/2
Gurevich,M-Rublevsky,S/Khanty Mansyisk RUS 2005 (42)}) 23. Qg5 Ng6 24. h5 h6
25. Qe3 $1 Rb3 26. Qd2 $1 $16 Qxd2 (26... Nxe5 27. Rxe5 Qxd2 28. Nxd2 Rd3 29.
N6c4 a4 30. Ra5 $18) 27. Nxd2 Rd3 28. hxg6 Rxd2 (28... f5 29. exf6 Rxd6 30. Ne4
Rd4 31. f7+ Kh8 32. Nf6 $18) 29. gxf7+ Kh7 (29... Rxf7 30. Nxf7 Kxf7 31. Rc1
Bb5 32. Rc7+ Rd7 33. Rxd7+ Bxd7 34. Rc4 $18) 30. Ra4 Rd5 31. f4 $18 Bd3 32. Rd1
$1 g5 33. Ra3 Be4 34. Rxd5 Bxd5 35. Rxa5 Kg7 (35... gxf4 36. Rxd5 exd5 37. e6
$18) 36. f5 $1 Rb8 37. f6+ Kg6 (37... Kf8 38. Rxd5 exd5 39. e6 $18) 38. Ra7 g4
39. Kf2 Kg5 40. g3 h5 41. f8=Q $1 Rxf8 42. Rg7+ Kh6 43. Nf7+ Rxf7 44. Rxf7 Be4
45. Ke3 Bg6 46. Rf8 Kg5 47. Rg8 Kh6 48. Kf4 Kh7 49. Rd8 Bf7 50. Kg5 1-0